LDR 01205nam a2200253 u 4500 001 000000091919 003 CaOOAMICUS 005 20070226124901.0 008 060329s1968 gw u000 u ger u 035 $a11083786 040 $aPUL(R)$bita 100 1 $aKant, Immanuel,$d1724-1804.$0(OLS)http://pul/name/8154 245 10$aÜber den Gemeinspruch :$bdas mag in der Theorie richtig sein, taugt aber nicht für die Praxis, 1793 /$cImmanuel Kant ; herausgegeben von Julius Ebbinghaus. 260 $aFrankfurt am Main :$bV. Klostermann,$c1968. 300 $a76 p. ;$c20 cm 490 1 $aQuellen der Philosophie ;$vBd. 8 504 $aBibliografia in nota. 700 1 $aEbbinghaus, Julius.$0(OLS)http://pul/name/59248 830 0$aQuellen der Philosophie ;$vBd. 8.$0(OLS)http://pul/title/118445 850 $aPUL 852 $aPUL$W1$xDP1 Fondo Seidl$y56$m3 A 49$j115687$nBK-PRI$b $qFondi$B115687$CPULBib$Z2$F115687 $HPUL91737 $81 941 1 $a1 996 $6245$aÜber den Gemeinspruch :$bdas mag in der Theorie richtig sein, taugt aber nicht für die Praxis, 1793$9(OLS)http://pul/title/118645 996 $6260$aFrankfurt am Main :$bV. Klostermann$9(OLS)http://pul/publisher/49862